Технология синтеза лактида: автореферат диссертации на соискание ученой степени кандидата химических наук; спец. 05.17.04
| Egile nagusia: | |
|---|---|
| Erakunde egilea: | |
| Beste egile batzuk: | |
| Gaia: | Заглавие с титульного экрана Электронная версия печатной публикации Защита сост. 27.12.2021 г. |
| Hizkuntza: | errusiera |
| Argitaratua: |
Томск, 2021
|
| Gaiak: | |
| Sarrera elektronikoa: | http://earchive.tpu.ru/handle/11683/68886 |
| Formatua: | MixedMaterials Baliabide elektronikoa Liburua |
| KOHA link: | https://koha.lib.tpu.ru/cgi-bin/koha/opac-detail.pl?biblionumber=364193 |
MARC
| LEADER | 00000nlm0a2200000 4500 | ||
|---|---|---|---|
| 001 | 364193 | ||
| 005 | 20240118162314.0 | ||
| 035 | |a (RuTPU)RU\TPU\retro\21551 | ||
| 035 | |a RU\TPU\retro\21546 | ||
| 090 | |a 364193 | ||
| 100 | |a 20211109d2021 k y0rusy50 ca | ||
| 101 | 0 | |a rus | |
| 102 | |a RU | ||
| 105 | |a a dm 000zy | ||
| 135 | |a drcn ---uucaa | ||
| 181 | 0 | |a i | |
| 182 | 0 | |a b | |
| 200 | 1 | |a Технология синтеза лактида |e автореферат диссертации на соискание ученой степени кандидата химических наук |e спец. 05.17.04 |f А. Л. Зиновьев |g Национальный исследовательский Томский политехнический университет ; науч. рук. В. Т. Новиков | |
| 203 | |a Текст |c электронный | ||
| 210 | |a Томск |d 2021 | ||
| 215 | |a 1 файл (794 КБ) | ||
| 300 | |a Заглавие с титульного экрана | ||
| 300 | |a Электронная версия печатной публикации | ||
| 300 | |a Защита сост. 27.12.2021 г. | ||
| 452 | 1 | |0 (RuTPU)RU\TPU\book\378701 |t Технология синтеза лактида |o автореферат диссертации на соискание ученой степени кандидата химических наук |o спец. 05.17.04 |f А. Л. Зиновьев |g Национальный исследовательский Томский политехнический университет, Исследовательская школа химических и биомедицинских технологий ; науч. рук. В. Т. Новиков |c Томск |n [Б.и.] |d 2021 |p 22 с. |a Зиновьев, Алексей Леонидович | |
| 606 | 1 | |a Молочная кислота |x Сложные эфиры |2 stltpush |3 (RuTPU)RU\TPU\subj\75632 |9 87321 | |
| 610 | 1 | |a электронный ресурс | |
| 610 | 1 | |a авторефераты диссертаций | |
| 610 | 1 | |a труды учёных ТПУ | |
| 610 | 1 | |a синтез | |
| 610 | 1 | |a лактиды | |
| 610 | 1 | |a пропионовая кислота | |
| 610 | 1 | |a молочная кислота | |
| 610 | 1 | |a полимерные отходы | |
| 610 | 1 | |a очистка | |
| 610 | 1 | |a катализаторы | |
| 610 | 1 | |a рацемизация | |
| 610 | 1 | |a эпимеризация | |
| 610 | 1 | |a олигомеры | |
| 610 | 1 | |a энергоемкость | |
| 610 | 1 | |a биоразлагаемые полимеры | |
| 610 | 1 | |a переработка отходов | |
| 675 | |a 661.74(04) |v 4 | ||
| 686 | |a 05.17.04 |2 oksvnk | ||
| 700 | 1 | |a Зиновьев |b А. Л. |c химик |c младший научный сотрудник Томского политехнического университета |f 1992- |g Алексей Леонидович |3 (RuTPU)RU\TPU\pers\40029 |9 21199 | |
| 702 | 1 | |a Новиков |b В. Т. |c химик |c доцент Томского политехнического университета, кандидат химических наук |f 1946- |g Виктор Тимофеевич |3 (RuTPU)RU\TPU\pers\28718 |4 727 |9 13515 | |
| 712 | 0 | 2 | |a Национальный исследовательский Томский политехнический университет |b Исследовательская школа химических и биомедицинских технологий |c (2017- ) |3 (RuTPU)RU\TPU\col\23537 |
| 801 | 2 | |a RU |b 63413507 |c 20211206 |g RCR | |
| 856 | 4 | |u http://earchive.tpu.ru/handle/11683/68886 | |
| 942 | |c CF | ||